| 000 | 00534nam a2200193 a 4500 | ||
|---|---|---|---|
| 005 | 20210223123806.0 | ||
| 008 | 991125n 000 0 u | ||
| 035 | _aUPN01000065712 | ||
| 100 | 1 |
_aOria Razo, Vicente, _d1933-2011 _928575 |
|
| 222 | _aCOMUNICACION EDUCATIVA SEP | ||
| 245 | _aAvanzar en la descentralización educativa | ||
| 300 | _a6 | ||
| 362 | _a1989 AƱo 6, no. 73, nov. | ||
| 653 | 0 | _aDESCENTRALIZACION EDUCATIVA | |
| 653 | 0 | _aSISTEMA EDUCATIVO | |
| 653 | 0 | _aSEP | |
| 904 |
_aAC _b003523 |
||
| 905 | _aArticulo | ||
| 999 |
_c63121 _d63121 |
||